Name The LV Boys/Girls Head Pairs 97-04 Quiz Stats

 Plays Quiz not verified by Sporcle

Challenge
Share
Tweet
Embed
Score 0/10 Timer 10:00
0 Plays Today
Year Full Names % Correct
Asst Director 1998-2000Bubba
90%
Asst Director 2002-2006Mike Bagdade
90%
2004Alan Granger and Shari Pick
40%
1997Brian Cohen and Lauren Cohen
30%
1998Gavin Sherman and Lauren Cohen
30%
1999Simon White and Jen Patsiner
30%
2000Simon White and Becca Batten
30%
2001 (First Name For Girl)Dave Brummer and Yonata
30%
2002 (Nickname For Guy)Ostaf and Melissa Schlank
30%
2003Matt Dorter and Jess Batten
30%

You're not logged in!

Compare scores with friends on all Sporcle quizzes.
Join for Free
OR
Log In

You Might Also Like...

Show Comments

Extras

Created Oct 29, 2009ReportNominate
Tags:boy, full, girl, Pairs

Top Quizzes Today


Score Distribution

Your Account Isn't Verified!

In order to create a playlist on Sporcle, you need to verify the email address you used during registration. Go to your Sporcle Settings to finish the process.

Report this User

Report this user for behavior that violates our Community Guidelines.

Details: